LIBRARY & INFORMATION CENTRE, KCAET, TAVANUR

ONLINE PUBLIC ACCESS CATALOGUE (OPAC)

Sasyaparisthitivijnanam (Record no. 17762)

MARC details
000 -LEADER
fixed length control field 00480nam a22001817a 4500
003 - CONTROL NUMBER IDENTIFIER
control field OSt
008 - FIXED-LENGTH DATA ELEMENTS--GENERAL INFORMATION
fixed length control field 231027b |||||||| |||| 00| 0 eng d
041 ## - LANGUAGE CODE
Language code of text/sound track or separate title MAL
082 ## - DEWEY DECIMAL CLASSIFICATION NUMBER
Classification number 581.5 WEA
100 ## - MAIN ENTRY--AUTHOR NAME
Personal name Vivar, John E
245 ## - TITLE STATEMENT
Title Sasyaparisthitivijnanam
250 ## - EDITION STATEMENT
Edition statement 1st
260 ## - PUBLICATION, DISTRIBUTION, ETC. (IMPRINT)
Place of publication Trivandrum:
Name of publisher State Institute f Languages,
Year of publication 1976.
300 ## - PHYSICAL DESCRIPTION
Number of Pages 832pages.
650 ## - SUBJECT ADDED ENTRY--TOPICAL TERM
Topical Term Plant Ecology
700 ## - ADDED ENTRY--PERSONAL NAME
Personal name Clemenz, Frederick E and Alexander, Walter E
942 ## - ADDED ENTRY ELEMENTS (KOHA)
Koha item type Books
Holdings
Withdrawn status Lost status Damaged status Home library Current library Shelving location Date acquired Cost, normal purchase price Full call number Accession Number Koha item type
      KAUAET KAUAET General Stacks 27/10/2023 36.50 581.5 WEA 13999 Books
free website counter